| 000 | 00590nam a22001697a 4500 | ||
|---|---|---|---|
| 082 | _a610.28 | ||
| 100 | _aFatima, Hira | ||
| 245 |
_aMagnetic Nanoparticles and Biopolymer Magnetic Colloids for Ultrasensitive Molecular Imaging and Hyperthermia _cHira Fatima. |
||
| 260 |
_aIslamabad: _bSMME - NUST, _c2014. |
||
| 300 |
_a85 p.: ill.; _c30cm. |
||
| 650 |
_aMS-Thesis. _918721 |
||
| 700 |
_aDr. Noseen Fatima _921013 |
||
| 856 | _u http://10.250.8.41:8080/xmlui/handle/123456789/5787 | ||
| 942 |
_2ddc _cTHE |
||
| 999 |
_c529146 _d529146 |
||